Living life loving life / (Record no. 137867)

MARC details
000 -LEADER
fixed length control field 00509nam a22001817a 4500
005 - DATE AND TIME OF LATEST TRANSACTION
control field 20170228111759.0
010 ## - LCCN (DPL NO)
LC control number ENG-117350
020 ## - INTERNATIONAL STANDARD BOOK NUMBER
International Standard Book Number 9788184303995
Terms of availability 400.00
035 ## - SYSTEM CONTROL NUMBER
System control number EN-100882
037 ## - SOURCE OF ACQUISITION
Source of stock number/acquisition DBAD/PUB
082 ## - DEWEY DECIMAL CLASSIFICATION NUMBER
Classification number 884
100 ## - MAIN ENTRY--PERSONAL NAME
Personal name Sawant,Chitranjan
245 ## - TITLE STATEMENT
Title Living life loving life /
Statement of responsibility, etc by Chitranjan Sawant
260 ## - PUBLICATION, DISTRIBUTION, ETC. (IMPRINT)
Place of publication, distribution, etc New Delhi
Name of publisher, distributor, etc Ocean Books
Date of publication, distribution, etc 2016
270 ## - ADDRESS
Address 4/19, Asaf Ali Road,
City New Delhi
Postal code 110002
300 ## - PHYSICAL DESCRIPTION
Extent 230p.
Dimensions 22cm(Hb)
942 ## - ADDED ENTRY ELEMENTS (KOHA)
Source of classification or shelving scheme Dewey Decimal Classification
Item type English Books
Classification part 884
Call number suffix SAW
Holdings
Withdrawn status Lost status Not for loan Collection code Home library Current library Date acquired Source of acquisition Cost, normal purchase price Full call number Barcode Copy number Cost, replacement price Koha item type
      Non-fiction Shahdara Branch Shahdara Branch 28/02/2017 DBAD/PUB 400.00 884 SAW EN-100882 1 400.00 English Books

© Delhi Public Library
Hit Counter
free hit counter